Псевдопотенциальный расчет фононного спектра в β-латуни в зависимости от степени дальнего порядка и состава; Физика металлов и металловедение; Т. 48, вып. 2

Bibliographische Detailangaben
Parent link:Физика металлов и металловедение/ Российская академия наук (РАН), Уральское отделение (УрО), Институт физики металлов (ИФМ).— , 1955-.— 0015-3230
Т. 48, вып. 2.— 1979.— С. 231-239
1. Verfasser: Наумов И. И.
Weitere Verfasser: Панин В. Е. Виктор Евгеньевич, Жоровков М. Ф.
Sprache:Russisch
Veröffentlicht: 1979
Schlagworte:
Format: Buchkapitel
KOHA link:https://koha.lib.tpu.ru/cgi-bin/koha/opac-detail.pl?biblionumber=465543

MARC

LEADER 00000naa2a2200000 4500
001 465543
005 20231101090355.0
035 |a (RuTPU)RU\TPU\prd\130123 
035 |a RU\TPU\prd\130122 
090 |a 465543 
100 |a 20120130a1979 k y0rusy50 ca 
101 0 |a rus 
102 |a RU 
200 1 |a Псевдопотенциальный расчет фононного спектра в β-латуни в зависимости от степени дальнего порядка и состава  |f И. И. Наумов, В. Е. Панин, М. Ф. Жоровков 
320 |a Библиогр.: 26 назв. 
461 1 |0 (RuTPU)RU\TPU\prd\406  |x 0015-3230  |t Физика металлов и металловедение  |f Российская академия наук (РАН), Уральское отделение (УрО), Институт физики металлов (ИФМ)  |d 1955- 
463 1 |0 (RuTPU)RU\TPU\prd\110616  |t Т. 48, вып. 2  |v С. 231-239  |d 1979 
610 1 |a труды учёных ТПУ 
700 1 |a Наумов  |b И. И. 
701 1 |a Панин  |b В. Е.  |c специалист в области физики и механики деформируемого твердого тела, физического материаловедения  |c доктор физико-математических наук, профессор Томского политехнического университета  |c зав. кафедрой материаловедения в машиностроении  |c директор Российского материаловедческого центра  |c научный руководитель Института физики прочности и материаловедения СО РАН  |f 1930-  |g Виктор Евгеньевич  |2 stltpush  |3 (RuTPU)RU\TPU\pers\12102 
701 1 |a Жоровков  |b М. Ф. 
801 1 |a RU  |b 63413507  |c 20120130 
801 2 |a RU  |b 63413507  |c 20120130  |g RCR 
942 |c BK